000 02570cam a22004694i 4500
003 PE-LiUPU
005 20250731183350.0
008 111124s2013 ck r 000 0 spa d
020 _a8128695533
020 _a8782788695532
035 _a(Sirsi) i9788128695537
040 _aESUPS
_bspa
_cESUPS
_dPE-LiUPU
_erda
082 0 4 _a796.42
_bJ24
_220
100 1 _aJaramillo Rodríguez, Clareth Antonio,
_eautor.
245 1 0 _aAtletismo :
_bselección, entrenamiento y planificación /
_cClareth A. Jaramillo Rodríguez.
250 _aSegunda edición: 2013.
264 _aColombia :
_bKinesis,
_c2013.
300 _a295 páginas :
_bilustraciones ;
_c24 centímetros.
336 _atext
_2rdacontent
337 _aunmediated
_2rdamedia
338 _avolume
_2rdacarrier
490 0 _aRendimiento deportivo.
504 _aBibliografía : páginas 293-294.
505 0 _aAspectos generales -- Apespectos generales de selección y entrenamiento de las pruebas de velocidad (100 - 200 y 400 metros) -- Aspectos generales de selección y entrenamiento de las pruebas con vallas (100-110 y 400 metros) -- Aspectos generales de selección y entrenamiento de las pruebas de medio fondo, fondo y maratón -- Aspectos generales de selección y entrenamiento de la marcha atlética -- Aspectos generales de selección y entrenamiento de los saltos -- Aspectos generales de selección y entrenamiento de las pruebas combinadas -- Aspectos generales de planinficación del entrenamiento.
526 _aP158
526 _aP146
526 _aP17
526 _aP12
526 _aP06
541 _g001-003166;
541 _g001-003492;
650 1 4 _aAtletismo
_xEntrenamiento.
650 2 4 _aEntrenamiento (Deportes)
910 _ajck
_bebj
_cebj
_d20160711
942 _2ddc
_cBOOK
949 _a796.42 J24
_wDEWEY
_c1
_i73875
_lCCODEBUL1
_mBUL
_p17.07
_r0
_sY
_tBOOK
_u2016-7-11
_xEDUCACION
_PP20
_0COMPRA
_o.STAFF. Colección General
994 _aC0
_bPEPRU
596 _a1
999 _a796.42 J24
_wDEWEY
_c11044
_i73875
_d11044
_f2021-11-9
_g5
_lCCODEBUL1
_mBUL
_p17.07
_q2
_r0
_sY
_tBOOK
_u2016-7-11
_xEDUCACION
_PP20
_0COMPRA
_o.STAFF. Colección General
999 _a796.42 J24
_wDEWEY
_c2
_i77889
_d2018-1-21
_f2021-11-9
_g4
_lCCODEBUL1
_mBUL
_p29.53
_q1
_r0
_sY
_tBOOK
_u2018-1-11
_xEDUCACION
_PP12
_0COMPRA
999 _a796.42 J24
_wDEWEY
_c3
_i77890
_f2021-11-9
_g4
_lCCODEBUL1
_mBUL
_p29.53
_r0
_sY
_tBOOK
_u2018-1-11
_xEDUCACION
_PP12
_0COMPRA
980 _81
_gALBERTO SANCHEZ Responsable de Automatización